The land of gold: (Record no. 10253)
[ view plain ]
| 000 -LEADER | |
|---|---|
| fixed length control field | 00848cam a2200253 4500 |
| 001 - CONTROL NUMBER | |
| control field | 6083 |
| 005 - DATE AND TIME OF LATEST TRANSACTION | |
| control field | 20250523142214.0 |
| 008 - FIXED-LENGTH DATA ELEMENTS--GENERAL INFORMATION | |
| fixed length control field | 250523b |||||||| |||| 00| 0 eng d |
| 020 ## - INTERNATIONAL STANDARD BOOK NUMBER | |
| International Standard Book Number | 9780877277675 |
| 100 1# - MAIN ENTRY--PERSONAL NAME | |
| Personal name | Bovensiepen, Judith M. |
| 245 10 - TITLE STATEMENT | |
| Title | The land of gold: |
| Remainder of title | post- conflict recovery and cultural revival in independent tomir-leste/ |
| Statement of responsibility, etc. | Bovensiepen, Judith M. |
| 250 ## - EDITION STATEMENT | |
| Edition statement | First edition |
| 264 #1 - PRODUCTION, PUBLICATION, DISTRIBUTION, MANUFACTURE, AND COPYRIGHT NOTICE | |
| Place of production, publication, distribution, manufacture | New York : |
| Name of producer, publisher, distributor, manufacturer | Cornell University, |
| Date of production, publication, distribution, manufacture, or copyright notice | 2015 |
| 300 ## - PHYSICAL DESCRIPTION | |
| Extent | xi, 293 pages,. |
| Dimensions | 24 cm |
| 336 ## - CONTENT TYPE | |
| Content type term | text |
| Source | rdacontent |
| 337 ## - MEDIA TYPE | |
| Media type term | unmediated |
| Source | rdamedia |
| 338 ## - CARRIER TYPE | |
| Carrier type term | volume |
| Source | rdacarrier |
| 650 ## - SUBJECT ADDED ENTRY--TOPICAL TERM | |
| Topical term or geographic name entry element | Imperialism -- Economic aspects -- History. |
| Topical term or geographic name entry element | War -- Economic aspects -- History. |
| Topical term or geographic name entry element | Gold |
| General subdivision | History |
| Topical term or geographic name entry element | Gold standard |
| General subdivision | History |
| 651 #0 - SUBJECT ADDED ENTRY--GEOGRAPHIC NAME | |
| Geographic name | Great Britain |
| General subdivision | Colonies |
| Geographic subdivision | Africa |
| General subdivision | History |
| 942 ## - ADDED ENTRY ELEMENTS (KOHA) | |
| Source of classification or shelving scheme | Dewey Decimal Classification |
| Koha item type | Main |
| Withdrawn status | Lost status | Source of classification or shelving scheme | Damaged status | Not for loan | Home library | Current library | Shelving location | Date acquired | Inventory number | Total Checkouts | Full call number | Barcode | Date last seen | Price effective from | Koha item type | Public note |
|---|---|---|---|---|---|---|---|---|---|---|---|---|---|---|---|---|
| Dewey Decimal Classification | RTC Library | RTC Library | Main opac | 23/05/2025 | 19332 | 959.86 BOV | 30020550 | 23/05/2025 | 23/05/2025 | Main | Donated by Dr.Dolma |